[Event "AUT-chT2O 2425"]
[Site "Austria"]
[Date "2024.10.11"]
[Round "1.4"]
[White "Pilshofer, Paul"]
[Black "Staudner, Oliver"]
[Result "1-0"]
[WhiteElo "2180"]
[BlackElo "2382"]
[PlyCount "159"]
[EventDate "2024.10.11"]
[EventType "team-tourn"]
[EventRounds "11"]
[EventCountry "AUT"]
[SourceTitle "CB42_2024"]
[Source "ChessBase"]
[SourceDate "2024.10.16"]
[SourceVersion "1"]
[SourceVersionDate "2024.10.16"]
[SourceQuality "1"]
[WhiteTeam "Oggau Union"]
[BlackTeam "Wien Austria"]
[WhiteTeamCountry "AUT"]
[BlackTeamCountry "AUT"]

1. d4 d5 2. Nf3 Nf6 3. g3 c6 4. Bg2 g6 5. 0-0 Bg7 6. b3 0-0 7. Bb2 Bf5 8. Nbd2 Ne4 9. Nh4 Nxd2 10. Qxd2 Be6 11. Rac1 Nd7 12. c4 Nf6 13. Rfd1 Qd7 14. Nf3 Ne4 15. Qa5 b6 16. Qa4 f6 17. Ne1 Rfd8 18. Nd3 a5 19. cxd5 cxd5 20. Qc6 Rab8 21. Bxe4 dxe4 22. Qxe4 Bd5 23. Qe3 a4 24. Nb4 e6 25. Nxd5 exd5 26. bxa4 Qxa4 27. Qb3 Qxb3 28. axb3 Rbc8 29. e3 Kf7 30. Kf1 Bf8 31. Ke2 f5 32. Kd3 Ke6 33. Rxc8 Rxc8 34. Ra1 h5 35. Bc3 Be7 36. Ra6 Rc6 37. b4 Kd7 38. b5 Re6 39. Bb2 h4 40. Ba3 Bd8 41. Bf8 g5 42. Bg7 hxg3 43. hxg3 Rg6 44. Be5 Rh6 45. Ra7+ Ke8 46. Bc7 Bxc7 47. Rxc7 f4 48. gxf4 gxf4 49. Rc6 Rh2 50. Ke2 fxe3 51. Kxe3 Kd7 52. Rxb6 Rh1 53. f3 Rb1 54. Kf4 Rb3 55. Ke5 Rxf3 56. Kxd5 Rf5+ 57. Kc4 Rf1 58. Kc5 Rg1 59. Rb7+ Kc8 60. Rh7 Rc1+ 61. Kb6 Rd1 62. Rc7+ Kb8 63. Rd7 Kc8 64. Rd5 Rd2 65. Rc5+ Kd7 66. Rc4 Rb2 67. Ka6 Ra2+ 68. Kb7 Rb2 69. b6 Rb1 70. Ka7 Ra1+ 71. Kb8 Rb1 72. b7 Ra1 73. Rc5 Ra4 74. Rd5+ Kc6 75. Rd8 Rb4 76. d5+ Kb6 77. Rd6+ Kc5 78. Rc6+ Kxd5 79. Rc1 Rg4 80. Kc7 1-0

[Event "AUT-ch U18 Rapid"]
[Site "Vienna"]
[Date "2023.10.28"]
[Round "9"]
[White "Maier, Tobias"]
[Black "Pilshofer, Paul"]
[Result "1-0"]
[WhiteElo "1814"]
[BlackElo "2128"]
[PlyCount "69"]
[EventDate "2023.10.27"]
[EventType "swiss"]
[EventRounds "9"]
[EventCountry "AUT"]
[SourceTitle "EXT 2025"]
[Source "ChessBase"]
[SourceDate "2024.10.14"]
[SourceVersion "1"]
[SourceVersionDate "2024.10.14"]
[SourceQuality "1"]

1. e4 e5 2. Nf3 Nc6 3. Bc4 Bc5 4. c3 d6 5. d4 exd4 6. cxd4 Bb6 7. h3 Nf6 8. Nc3 0-0 9. 0-0 Nxe4 10. Nxe4 d5 11. Neg5 dxc4 12. Qc2 g6 13. Qxc4 Nxd4 14. Nxd4 Qxd4 15. Qb3 h6 16. Nf3 Qg7 17. Bd2 Be6 18. Qa3 Rfd8 19. Bc3 Qf8 20. Qa4 Rd5 21. a3 Rad8 22. Rad1 g5 23. Rxd5 Rxd5 24. Qe4 Qd6 25. Ne5 Qc5 26. Ng4 Bxg4 27. Qxg4 Rf5 28. Kh1 Rf4 29. Qc8+ Qf8 30. Qxb7 Qd8 31. Qc6 Rxf2 32. Re1 Kh7 33. Qe4+ f5 34. Qe6 Bc5 35. Qf7# 1-0

[Event "AUT-ch"]
[Site "Vienna"]
[Date "2022.08.15"]
[Round "4"]
[White "Pilshofer, Paul"]
[Black "Borrmann, Laurenz"]
[Result "0-1"]
[WhiteElo "2173"]
[BlackElo "2294"]
[PlyCount "50"]
[EventDate "2022.08.12"]
[EventType "swiss"]
[EventRounds "9"]
[EventCountry "AUT"]
[SourceTitle "CBM 209 Extra"]
[Source "ChessBase"]
[SourceDate "2022.09.30"]
[SourceVersion "1"]
[SourceVersionDate "2022.09.30"]
[SourceQuality "1"]

1. Nf3 Nf6 2. g3 d5 3. Bg2 Bf5 4. d4 e6 5. 0-0 h6 6. c4 c6 7. Nc3 Nbd7 8. Ne5 Nxe5 9. dxe5 Ng4 10. cxd5 exd5 11. Qa4 Qd7 12. e4 dxe4 13. Nxe4 Qe6 14. Bf4 Bxe4 15. Qxe4 g5 16. Bd2 0-0-0 17. Bc3 h5 18. Rac1 Rd5 19. Qa4 Bc5 20. Bxd5 Qxd5 21. Qb3 Qe4 22. Rce1 Qf3 23. Qc2 h4 24. Qe2 Nxh2 25. g4 Qh3 0-1

[Event "AUT-ch"]
[Site "Vienna"]
[Date "2022.08.12"]
[Round "1"]
[White "Blohberger, Felix"]
[Black "Pilshofer, Paul"]
[Result "1-0"]
[WhiteElo "2492"]
[BlackElo "2173"]
[PlyCount "43"]
[EventDate "2022.08.12"]
[EventType "swiss"]
[EventRounds "9"]
[EventCountry "AUT"]
[SourceTitle "CBM 209 Extra"]
[Source "ChessBase"]
[SourceDate "2022.09.30"]
[SourceVersion "1"]
[SourceVersionDate "2022.09.30"]
[SourceQuality "1"]

1. Nf3 Nf6 2. g3 b6 3. Bg2 Bb7 4. 0-0 g6 5. c4 Bg7 6. d4 0-0 7. d5 c5 8. Nc3 d6 9. e4 Ng4 10. h3 Ne5 11. Nxe5 Bxe5 12. Bh6 Bg7 13. Qd2 Qd7 14. Rae1 Na6 15. Bxg7 Kxg7 16. e5 dxe5 17. Rxe5 Rae8 18. Rfe1 f6 19. R5e2 Nc7 20. d6 exd6 21. Bxb7 Ne6 22. Bc6 1-0

[Event "EU-ch U14 Rapid"]
[Site "Thessaloniki"]
[Date "2022.07.21"]
[Round "6"]
[White "Pilshofer, Paul"]
[Black "Bazakutsa, Svyatoslav"]
[Result "0-1"]
[WhiteElo "1665"]
[BlackElo "2150"]
[PlyCount "56"]
[EventDate "2022.07.20"]
[EventType "swiss (rapid)"]
[EventRounds "9"]
[EventCountry "GRE"]
[SourceTitle "EXT 2023"]
[Source "ChessBase"]
[SourceDate "2022.10.05"]
[SourceVersion "1"]
[SourceVersionDate "2022.10.05"]
[SourceQuality "1"]

1. d4 Nf6 2. Nf3 g6 3. g3 Bg7 4. Bg2 0-0 5. 0-0 d6 6. b3 Nbd7 7. Bb2 Re8 8. c4 c6 9. Qd2 Qc7 10. Nc3 e5 11. Rad1 e4 12. Ng5 d5 13. cxd5 cxd5 14. f3 exf3 15. Bxf3 Nb6 16. a4 h6 17. a5 hxg5 18. axb6 Qxb6 19. Qxg5 Bh3 20. Rfe1 Qxb3 21. Ba1 Bf5 22. g4 Ne4 23. Bxe4 Bxe4 24. Nxe4 Rxe4 25. Rb1 Qh3 26. Kh1 Rae8 27. e3 Qf3+ 28. Kg1 Rxg4+ 0-1

[Event "EU-chT U18"]
[Site "Thessaloniki"]
[Date "2022.07.17"]
[Round "6.7"]
[White "Pilshofer, Paul"]
[Black "Kayrak, Murat"]
[Result "1-0"]
[WhiteElo "2223"]
[BlackElo "1561"]
[PlyCount "69"]
[EventDate "2022.07.12"]
[EventType "team-swiss"]
[EventRounds "7"]
[EventCountry "GRE"]
[SourceTitle "CBM 209 Extra"]
[Source "ChessBase"]
[SourceDate "2022.09.30"]
[SourceVersion "1"]
[SourceVersionDate "2022.09.30"]
[SourceQuality "1"]
[WhiteTeam "Austria U18"]
[BlackTeam "Turkey U18"]
[WhiteTeamCountry "AUT"]
[BlackTeamCountry "TUR"]

1. d4 d5 2. Nf3 Nf6 3. g3 c6 4. Bg2 Bf5 5. 0-0 e6 6. c4 Nbd7 7. Nc3 h6 8. Nd2 Be7 9. e4 dxe4 10. Ndxe4 0-0 11. Be3 Nxe4 12. Nxe4 Nf6 13. Nc3 Ng4 14. Bf4 Qb6 15. Na4 Qa6 16. Qb3 Rad8 17. h3 Nf6 18. Rfd1 Be4 19. Bf1 b6 20. d5 Nd7 21. dxe6 fxe6 22. c5 b5 23. Qxe6+ Rf7 24. Qxe4 Qxa4 25. Qxa4 bxa4 26. Bc7 Rff8 27. Bxd8 Rxd8 28. Rac1 Ne5 29. Rxd8+ Bxd8 30. f4 Nf3+ 31. Kf2 Nd4 32. Rc4 Ne6 33. Re4 Nc7 34. Rxa4 Be7 35. b4 1-0

[Event "EU-chT U18"]
[Site "Thessaloniki"]
[Date "2022.07.13"]
[Round "2.3"]
[White "Ljepic, Andrej"]
[Black "Pilshofer, Paul"]
[Result "1-0"]
[WhiteElo "2234"]
[BlackElo "2223"]
[PlyCount "69"]
[EventDate "2022.07.12"]
[EventType "team-swiss"]
[EventRounds "7"]
[EventCountry "GRE"]
[SourceTitle "CBM 209 Extra"]
[Source "ChessBase"]
[SourceDate "2022.09.30"]
[SourceVersion "1"]
[SourceVersionDate "2022.09.30"]
[SourceQuality "1"]
[WhiteTeam "Serbia U18"]
[BlackTeam "Austria U18"]
[WhiteTeamCountry "SRB"]
[BlackTeamCountry "AUT"]

1. e4 e5 2. Nf3 Nc6 3. Bc4 Bc5 4. 0-0 d6 5. d3 Nf6 6. c3 a6 7. Bb3 Ba7 8. Re1 h6 9. Nbd2 Ng4 10. Re2 g5 11. Nf1 Qf6 12. h3 Nxf2 13. Rxf2 Bxf2+ 14. Kxf2 g4 15. hxg4 Rg8 16. Ne3 Ne7 17. Qh1 Bd7 18. Qh5 Qg7 19. Bd2 Bxg4 20. Nxg4 Qxg4 21. Bxf7+ Kd7 22. Qxg4+ Rxg4 23. Bh5 Rgg8 24. Bxh6 Rh8 25. Bg4+ Kc6 26. Be3 Rag8 27. Bh3 Rg7 28. d4 Ng6 29. d5+ Kb5 30. Rc1 Kc4 31. b3+ Kb5 32. a4+ Ka5 33. Ra1 c5 34. dxc6 bxc6 35. b4# 1-0

[Event "AUT-ch U12 Online Rapid"]
[Site "Playchess.com INT"]
[Date "2020.12.13"]
[Round "3"]
[White "Pilshofer, Paul"]
[Black "Balint, Peter1"]
[Result "1-0"]
[WhiteElo "1932"]
[BlackElo "1780"]
[PlyCount "73"]
[EventDate "2020.12.13"]
[EventType "swiss (rapid)"]
[EventRounds "7"]
[EventCountry "AUT"]
[SourceTitle "EXT 2022"]
[Source "ChessBase"]
[SourceDate "2021.10.06"]
[SourceVersion "1"]
[SourceVersionDate "2021.10.06"]
[SourceQuality "1"]

1. d4 Nf6 2. Nf3 g6 3. g3 d5 4. Bg2 Bg7 5. 0-0 0-0 6. c4 c6 7. Nc3 Nbd7 8. Ne5 Nb6 9. cxd5 cxd5 10. Qb3 Bf5 11. Bf4 Rc8 12. Rac1 Be6 13. a4 a5 14. Rfd1 h6 15. Qb5 Nc4 16. Nxc4 Rxc4 17. Qxb7 Rb4 18. Qc7 Rxb2 19. Qxd8 Rxd8 20. Bc7 Ra8 21. Rb1 Rc2 22. Rdc1 Rxc1+ 23. Rxc1 Kh7 24. Rb1 Rc8 25. Bxa5 Ne4 26. Nxe4 dxe4 27. e3 f5 28. Bb6 Rc4 29. a5 Ra4 30. h3 Bc4 31. Bf1 Bd5 32. a6 e5 33. Rd1 exd4 34. Bxd4 Bf8 35. Be5 Bc6 36. Rd8 Be7 37. Rh8# 1-0

[Event "AUT-chT District U18 Online Rapid"]
[Site "Playchess.com INT"]
[Date "2020.12.12"]
[Round "7"]
[White "Pilshofer, Paul"]
[Black "Bauer, Valeria"]
[Result "1-0"]
[WhiteElo "1931"]
[BlackElo "1620"]
[PlyCount "47"]
[EventDate "2020.12.12"]
[EventType "team-swiss (rapid)"]
[EventRounds "9"]
[EventCountry "AUT"]
[SourceTitle "EXT 2022"]
[Source "ChessBase"]
[SourceDate "2021.10.06"]
[SourceVersion "1"]
[SourceVersionDate "2021.10.06"]
[SourceQuality "1"]

1. d4 d5 2. Nf3 Nc6 3. g3 Nf6 4. Bg2 e6 5. 0-0 Bd6 6. c4 dxc4 7. Nc3 e5 8. dxe5 Nxe5 9. Nxe5 Bxe5 10. Qxd8+ Kxd8 11. Rd1+ Bd7 12. Bg5 Ke7 13. Nd5+ Kd8 14. Nxf6 gxf6 15. Bh3 Ke7 16. Rxd7+ Kf8 17. Bh6+ Ke8 18. Rad1 Rc8 19. R7d5 Rg8 20. Bxc8 Ke7 21. Rd7+ Ke6 22. Rd8+ Ke7 23. R1d7+ Ke6 24. Rxc7# 1-0

[Event "AUT-ch Zwisch Internet"]
[Site "Playchess.com INT"]
[Date "2020.05.02"]
[Round "4"]
[White "Schein, Karl Heinz"]
[Black "Pilshofer, Paul"]
[Result "1-0"]
[WhiteElo "2187"]
[BlackElo "1715"]
[PlyCount "53"]
[EventDate "2020.05.02"]
[EventType "swiss (blitz)"]
[EventRounds "13"]
[EventCountry "AUT"]
[SourceTitle "CBM 195 Extra"]
[Source "ChessBase"]
[SourceDate "2020.05.31"]
[SourceVersion "1"]
[SourceVersionDate "2020.05.31"]
[SourceQuality "1"]

1. d4 d5 2. c4 e6 3. Nc3 Nf6 4. cxd5 exd5 5. Nf3 Nbd7 6. Bg5 c6 7. e3 Be7 8. Bd3 0-0 9. Qc2 Re8 10. 0-0-0 Nf8 11. h3 Ne4 12. Bf4 Bf5 13. g4 Bg6 14. h4 h5 15. Ne5 hxg4 16. h5 Bf5 17. Rdg1 Qc8 18. Bxe4 dxe4 19. Qe2 Bb4 20. Nxg4 Bxg4 21. Rxg4 Bxc3 22. bxc3 Nh7 23. Rhg1 Kf8 24. Bd6+ Kg8 25. Rxg7+ Kh8 26. Rxf7 Qe6 27. Be5+ 1-0

[Event "AUT-ch Vor4 Internet"]
[Site "Playchess.com INT"]
[Date "2020.04.25"]
[Round "3"]
[White "Bauer, Sebastian"]
[Black "Pilshofer, Paul"]
[Result "1-0"]
[WhiteElo "2237"]
[BlackElo "1715"]
[PlyCount "93"]
[EventDate "2020.04.25"]
[EventType "swiss (blitz)"]
[EventRounds "9"]
[EventCountry "AUT"]
[SourceTitle "EXT 2021"]
[Source "ChessBase"]
[SourceDate "2020.10.23"]
[SourceVersion "1"]
[SourceVersionDate "2020.10.23"]
[SourceQuality "1"]

1. e4 e5 2. Nf3 Nc6 3. Bb5 a6 4. Ba4 Nf6 5. 0-0 b5 6. Bb3 Bc5 7. d3 d6 8. a4 b4 9. Nbd2 Bg4 10. h3 Bh5 11. c3 Rb8 12. a5 0-0 13. Bc4 Ra8 14. Re1 Ne7 15. Nf1 c6 16. Ng3 Bxf3 17. Qxf3 Ng6 18. Bg5 h6 19. Bxf6 Qxf6 20. Qxf6 gxf6 21. Nh5 Rfb8 22. Nxf6+ Kg7 23. Nd7 bxc3 24. bxc3 Rb2 25. Nxc5 dxc5 26. Reb1 Rd2 27. g3 h5 28. h4 Kh7 29. Rb6 Rg8 30. Kf1 Nxh4 31. gxh4 Rg4 32. Rb7 Rxh4 33. Rxf7+ Kg6 34. Kg2 Rg4+ 35. Kh3 Kg5 36. Rf5+ Kg6 37. Bf7+ Kg7 38. Bxh5 Rf4 39. Rg1+ Kh7 40. Rgg5 Kh6 41. Rg6+ Kh7 42. Rxc6 Rxd3+ 43. Kg2 Rh4 44. Bf3 Rd1 45. Rf7+ Kh8 46. Rb7 Kg8 47. Rc8+ 1-0